00278 a2200121 4500001000700000020000600007040001100013100002600024240004700050245004200097362000900139440000800148164747 a  cMagnum aCazarré, Lourenço10aO misterio dos assaltantes mascaradoslpor10aO misterio dos assaltantes mascarados0 a1899 1aRHJ